000 00904nam a2200289 a 4500
001 15665
003 BD-RjUL
005 20211208235850.0
008 140210s1981 caua b 001 0 eng
020 _a0816271909 (pbk.)
035 _a(BD-RjUL)15720
040 _aDLC
_cDLC
_dDLC
_dBD-RjUL
_beng
041 _aeng
082 0 0 _a658.40388
_219
_bRIM 1981
100 1 _aRiley, M. J.
_q(Merrill J.)
_948617
245 0 0 _aManagement information systems /
_cby M.J. Riley.
250 _a2nd ed.
260 _aSan Francisco, CA :
_bHolden-Day,
_cc1981.
300 _aix, 373 p. :
_bill. ;
_c26 cm.
500 _aFirst ed. published in 1973 as: MIS, management dimensions.
504 _aIncludes bibliographies and indexes.
650 0 _aManagement information systems.
_91330
730 0 _aMIS, management dimensions.
_948618
942 _2ddc
_cBK
999 _c15665
_d15665